Value of building control (Record no. 113567)
[ view plain ]
| 000 -LEADER | |
|---|---|
| fixed length control field | 01280cad a22002415a 4500 |
| 001 - CONTROL NUMBER | |
| control field | L155428 |
| 008 - FIXED-LENGTH DATA ELEMENTS--GENERAL INFORMATION | |
| fixed length control field | 120321u2012 xxk g 000 0 eng d |
| 035 ## - SYSTEM CONTROL NUMBER | |
| System control number | (Sirsi) u155428 |
| 041 0# - LANGUAGE CODE | |
| Language code of text/sound track or separate title | eng |
| 110 2# - MAIN ENTRY--CORPORATE NAME | |
| Corporate name or jurisdiction name as entry element | Lychgate Projects Ltd |
| 245 00 - TITLE STATEMENT | |
| Title | Value of building control |
| Medium | [electronic resource] |
| 260 ## - PUBLICATION, DISTRIBUTION, ETC. | |
| Place of publication, distribution, etc. | Reading |
| Name of publisher, distributor, etc. | Lychgate Projects Ltd |
| Date of publication, distribution, etc. | 2012 |
| 505 2# - FORMATTED CONTENTS NOTE | |
| Formatted contents note | Introduction -- Summary -- Benefits and contribution of building control -- Issues with the building control process -- The building regulations system -- Important aspects of the building control process -- Satisfaction with the building control process -- Views on third party assessment and self-certification -- Suggestions for improvement -- Further comments about building control |
| 520 ## - SUMMARY, ETC. | |
| Summary, etc. | Report on research carried out to determine the value of building control to customers. |
| 590 ## - LOCAL NOTE (RLIN) | |
| Local note | KA NTK |
| 651 #4 - SUBJECT ADDED ENTRY--GEOGRAPHIC NAME | |
| Geographic name | England and Wales |
| Chronological subdivision | 1543- |
| 690 ## - LOCAL SUBJECT ADDED ENTRY--TOPICAL TERM (OCLC, RLIN) | |
| Topical term or geographic name as entry element | Building regulations |
| 9 (RLIN) | 6224 |
| 710 2# - ADDED ENTRY--CORPORATE NAME | |
| Corporate name or jurisdiction name as entry element | LABC |
| 710 1# - ADDED ENTRY--CORPORATE NAME | |
| Corporate name or jurisdiction name as entry element | ACAI |
| 710 1# - ADDED ENTRY--CORPORATE NAME | |
| Corporate name or jurisdiction name as entry element | Building Control Alliance |
| 9 (RLIN) | 5309 |
| 856 40 - ELECTRONIC LOCATION AND ACCESS | |
| Uniform Resource Identifier | <a href="https://www.buildingcontrolalliance.org/wp-content/uploads/downloads/2012/03/Lychgate-report-Value-of-Building-Control-Jan-2012-FINAL.pdf">https://www.buildingcontrolalliance.org/wp-content/uploads/downloads/2012/03/Lychgate-report-Value-of-Building-Control-Jan-2012-FINAL.pdf</a> |
| Public note | View this item free of charge at www.buildingcontrolalliance.org |
| 942 ## - ADDED ENTRY ELEMENTS (KOHA) | |
| Suppress in OPAC | 0 |
| Withdrawn status | Lost status | Source of classification or shelving scheme | Damaged status | Not for loan | Home library | Current library | Shelving location | Date acquired | Total Checkouts | Full call number | Barcode | Date last seen | Copy number | Price effective from | Koha item type |
|---|---|---|---|---|---|---|---|---|---|---|---|---|---|---|---|
| Dewey Decimal Classification | Virtual | Virtual | Online | 21/03/2012 | ONLINE PUBLICATION | 155428-2001 | 06/08/2019 | 1 | 06/08/2019 | Book |